00450 2200169 4500001002100000008004100021035002000062245005200082110002300134250001100157260003300168020001800201084001600219082001000235650002200245990001300267INLIS000000000000775 ind  a0010-0120000775 aIlmuwan MuslimbAl- BitrujicTim Pustaka Fathin aTim Pustaka Fathin aCet. 1 aSolo:bTiga Serangkai,c2005 a979-668-353-9 a2X9.7 ILM i a2X9.7 aTokoh Agama Islam a11900287